000 00657cab a2200229 4500
001 X2072
008 090401t1995 xxu||||| |||| 00| 0 eng d
035 _a(Sirsi) u21614
041 _aeng
245 _aSole selling rights and agency contracts - unbefitting conduct
260 _c1995
350 _a0
490 _aCSM (Chartered Surveyor Monthly)
_v4(5) March 1995, 19(1)
650 _aAGENCY SKILLS PANEL
650 _aESTATE AGENTS ACT 1979
650 _aESTATE AGENTS
650 _aMISREPRESENTATION
650 _aSOLE SELLING RIGHTS
690 _aMANAGEMENT-BUSINESS MANAGEMENT-PROFESSIONAL PRACTICE
942 _n0
948 _c04/03/1997
999 _c14502
_d14502